Data structures & algorithms in Java / (Record no. 1881)

000 -LEADER
fixed length control field 01208cam a2200325 a 4500
001 - CONTROL NUMBER
control field 12775211
003 - CONTROL NUMBER IDENTIFIER
control field OSt
005 - DATE AND TIME OF LATEST TRANSACTION
control field 20150629083706.0
008 - FIXED-LENGTH DATA ELEMENTS--GENERAL INFORMATION
fixed length control field 020515s2003 inua b 001 0 eng
010 ## - LIBRARY OF CONGRESS CONTROL NUMBER
LC control number 2002106907
020 ## - INTERNATIONAL STANDARD BOOK NUMBER
International Standard Book Number 0672324539
040 ## - CATALOGING SOURCE
Original cataloging agency DLC
Transcribing agency DLC
Modifying agency DLC
042 ## - AUTHENTICATION CODE
Authentication code pcc
050 00 - LIBRARY OF CONGRESS CALL NUMBER
Classification number QA76.9.D35L3 2003
082 00 - DEWEY DECIMAL CLASSIFICATION NUMBER
Classification number 005.7/3
Edition number 21
100 1# - MAIN ENTRY--PERSONAL NAME
Personal name Lafore, Robert
Fuller form of name (Robert W.)
245 10 - TITLE STATEMENT
Title Data structures & algorithms in Java /
Statement of responsibility, etc Robert Lafore.
250 ## - EDITION STATEMENT
Edition statement 2nd ed.
260 ## - PUBLICATION, DISTRIBUTION, ETC. (IMPRINT)
Place of publication, distribution, etc Indianapolis, Ind. :
Name of publisher, distributor, etc Sams,
Date of publication, distribution, etc c2003.
300 ## - PHYSICAL DESCRIPTION
Extent xix, 776 p. :
Other physical details ill. ;
Dimensions 24 cm.
500 ## - GENERAL NOTE
General note Rev. ed. of Sams teach yourself data structures and algorithms in 24 hours, 1999.
504 ## - BIBLIOGRAPHY, ETC. NOTE
Bibliography, etc Includes bibliographical references (p. [735]-737) and index.
650 #0 - SUBJECT ADDED ENTRY--TOPICAL TERM
Topical term or geographic name as entry element Data structures (Computer science)
650 #0 - SUBJECT ADDED ENTRY--TOPICAL TERM
Topical term or geographic name as entry element Computer algorithms.
650 #0 - SUBJECT ADDED ENTRY--TOPICAL TERM
Topical term or geographic name as entry element Java (Computer program language)
700 1# - ADDED ENTRY--PERSONAL NAME
Personal name Lafore, Robert
Fuller form of name (Robert W.)
Title of a work Sams teach yourself data structures and algorithms in 24 hours.
906 ## - LOCAL DATA ELEMENT F, LDF (RLIN)
a 7
b cbc
c orignew
d 2
e epcn
f 20
g y-gencatlg
942 ## - ADDED ENTRY ELEMENTS (KOHA)
Source of classification or shelving scheme
Koha item type Book
Holdings
Withdrawn status Lost status Source of classification or shelving scheme Damaged status Not for loan Home library Current library Shelving location Date acquired Total Checkouts Full call number Barcode Date last seen Copy number Price effective from Koha item type Date checked out Total Renewals
          Riara University Library Riara University Library General stack 29/06/2015   QA76.9.D35L3 2003 6462/15 20/07/2015 C.1 29/06/2015 Book    
          Riara University Library Riara University Library General stack 29/06/2015 4 QA76.9.D35L3 2003 6463/15 20/06/2024 C.2 29/06/2015 Book 14/06/2024  
          Riara University Library Riara University Library General stack 29/06/2015 2 QA76.9.D35L3 2003 6464/15 11/12/2024 C.3 29/06/2015 Book 27/09/2024 1

Riara University Library,
P.O. Box 49940-00100,
Nairobi, Kenya.